Temné variace

Saved in:
Bibliographic Details
Main Author Oldřich, Suchý
Format Electronic eBook
LanguageCzech
Published Golden Dog 2025
Edition1. elektronické vydání
Subjects
Online AccessDostupné v BOOKPORT po přihlášení pomocí eduID
ISBN978-80-53027-84-7
978-80-53027-85-4
978-80-53027-83-0
Physical Description1 online zdroj (344 stran)

Cover

LEADER 00000nam a2200000 i 4500
001 bkp878257142
003 CZ-prgp
005 20260413161219.0
006 m o d
007 cr cn
008 260413s2025 xr o 000 1 cze
020 |a 978-80-53027-84-7  |c 399 Kč  |q (online ; pdf) 
020 |a 978-80-53027-85-4  |c 399 Kč  |q (online ; epub) 
020 |a 978-80-53027-83-0  |c 499 Kč  |q (print) 
040 |a Grada  |b cze  |e rda 
100 1 |a Oldřich, Suchý 
245 1 0 |a Temné variace  |c Suchý Oldřich 
250 |a 1. elektronické vydání 
264 1 |b Golden Dog  |c 2025 
300 |a 1 online zdroj (344 stran) 
336 |a text  |b txt  |2 rdacontent 
337 |a počítač  |b c  |2 rdamedia 
338 |a online zdroj  |b cr  |2 rdacarrier 
520 3 |a Temné variace jsou poctou hororu - žánru, který děsí i fascinuje, provokuje i hladí po duši. Oldřich Suchý v nich skládá hold mistrům a mistryním temnot, kteří formovali jeho čtenářské sny i noční můry. Každá povídka je jiná, a přece je spojuje cit pro jazyk, napětí a tušení, že pod hladinou běžného světa se skrývá cosi neklidného. 
650 0 4 |a Horory 
856 4 0 |u https://www.bookport.cz/AccountSaml/SignIn/?idp=https://shibboleth.utb.cz/idp/shibboleth&returnUrl=/kniha/temne-variace-15965/  |y Dostupné v BOOKPORT po přihlášení pomocí eduID